| 000 | 00757nam a2200205 a 4500 | ||
|---|---|---|---|
| 003 | 0 | ||
| 005 | 20250616112937.0 | ||
| 008 | 021115s19uu xx 00 eng d | ||
| 050 |
_aPGS HQ 755.8 _b.T153 1999 |
||
| 100 | _aTamayo, Jonathan Scott Senen. | ||
| 245 |
_a The role of parents in upbringing their children / _cJonathan Scott Senen Tamayo. |
||
| 260 |
_aLas PiƱas City, Philippines : _bSouthville International School and Colleges, _c1999. |
||
| 300 |
_a41 pages : _billustrations ; _c28 cm. |
||
| 504 | _aIncludes bibliographical references. | ||
| 650 |
_aParenting _vRole in child development. |
||
| 650 |
_aParents _vAttitudes. |
||
| 650 |
_aParent and child _vSocial aspects. |
||
| 650 |
_aChild rearing _vCase studies. |
||
| 942 |
_2lcc _cPASS |
||
| 999 |
_c96200 _d96200 |
||